000
00398nam a22001697a 4500
003
MPLRDC
005
20220104113824.0
008
210129b ||||| |||| 00| 0 eng d
082
_a
848.2 SMZY-11
100
_a
司马中原著
245
_a
乡思井
_c
260
_a
_b
皇冠出版社
_c
300
_b
平
490
_a
皇冠丛书;529
650
_a
现代别集
942
_c
BK
_o
848.2 SMZY-11
999
_c
2626
_d
2616